Countries that Start with E - Statistics

General Stats
  • This quiz has been taken 13 times
  • The average score is 8 of 9
Answer Stats
Picture Answer % Correct
Egypt
100%
Ecuador
91%
Estonia
91%
Ethiopia
91%
East Timor
82%
El Salvador
82%
Eritrea
82%
Eswatini
82%
Equatorial Guinea
73%
No matching quizzes found
Score Distribution
Percent of People with Each Score
Percentile by Number Answered
Your Score History
You have not taken this quiz